Masterpieces of Japanese prints : (Record no. 27480)

MARC details
000 -LEADER
fixed length control field 01671nam a22004211i 4500
003 - CONTROL NUMBER IDENTIFIER
control field EG-ScBUE
005 - DATE AND TIME OF LATEST TRANSACTION
control field 20230222044405.0
008 - FIXED-LENGTH DATA ELEMENTS--GENERAL INFORMATION
fixed length control field 000302s1999 nyua f b 000 0 eng d
020 ## - INTERNATIONAL STANDARD BOOK NUMBER
International Standard Book Number 4770023871
020 ## - INTERNATIONAL STANDARD BOOK NUMBER
International Standard Book Number 9784770023872
020 ## - INTERNATIONAL STANDARD BOOK NUMBER
International Standard Book Number 1920070038002
035 ## - SYSTEM CONTROL NUMBER
System control number (InU)CAJ4636BB
035 ## - SYSTEM CONTROL NUMBER
System control number (OCoLC)ocm41711810
040 ## - CATALOGING SOURCE
Original cataloging agency KOM
Language of cataloging eng
Description conventions rda
Transcribing agency KOM
Modifying agency EXW
-- EG-ScBUE
043 ## - GEOGRAPHIC AREA CODE
Geographic area code e-uk-en
082 04 - DEWEY DECIMAL CLASSIFICATION NUMBER
Classification number 769.952074
Item number FAU
Edition number 22
100 1# - MAIN ENTRY--PERSONAL NAME
Personal name Faulkner, Rupert.
Relator term author.
245 10 - TITLE STATEMENT
Title Masterpieces of Japanese prints :
Remainder of title Ukiyo-e from the Victoria and Albert Museum /
Statement of responsibility, etc Rupert Faulkner ; in consultation with B.W. Robinson ; general edittor, Muneshige Narazaki ; editor, Richard Lane.
264 #1 - PUBLICATION, DISTRIBUTION, ETC. (IMPRINT)
Place of publication, distribution, etc New York :
Name of publisher, distributor, etc Kodansha International,
Date of publication, distribution, etc 1999.
300 ## - PHYSICAL DESCRIPTION
Extent 152 pages :
Other physical details illustrations (chiefly color) ;
Dimensions 30 cm
336 ## - CONTENT TYPE
Source rdacontent
Content type term text
Content type code txt
337 ## - MEDIA TYPE
Source rdamedia
Media type term unmediated
Media type code n
338 ## - CARRIER TYPE
Source rdacarrier
Carrier type term volume
Carrier type code nc
500 ## - GENERAL NOTE
General note "Adapted in part from Hizō ukiyo-e taikan, volumes 4 and 5, published in Japanese by Kodansha Ltd."--T.p. verso.
504 ## - BIBLIOGRAPHY, ETC. NOTE
Bibliography, etc Includes bibliographical references.
610 27 - SUBJECT ADDED ENTRY--CORPORATE NAME
Corporate name or jurisdiction name as entry element Victoria and Albert Museum
General subdivision Catalogs.
Source of heading or term BUEsh
650 #7 - SUBJECT ADDED ENTRY--TOPICAL TERM
Topical term or geographic name as entry element Color prints, Japanese
Chronological subdivision Edo period, 1600-1868
General subdivision Catalogs.
Source of heading or term BUEsh
650 #7 - SUBJECT ADDED ENTRY--TOPICAL TERM
Topical term or geographic name as entry element Color prints
Geographic subdivision England
-- London
General subdivision Catalogs.
Source of heading or term BUEsh
651 ## - SUBJECT ADDED ENTRY--GEOGRAPHIC NAME
Source of heading or term BUEsh
653 ## - INDEX TERM--UNCONTROLLED
Resource For college Communication and mass media
Arrived date list May2019
655 ## - INDEX TERM--GENRE/FORM
Form subdivision Reading book
700 1# - ADDED ENTRY--PERSONAL NAME
Personal name Robinson, B. W.
Fuller form of name (Basil William)
Relator term contributor.
700 1# - ADDED ENTRY--PERSONAL NAME
Personal name Narazaki, Muneshige,
Dates associated with a name 1904-2001
Relator term editor.
700 1# - ADDED ENTRY--PERSONAL NAME
Personal name Lane, Richard,
Dates associated with a name 1926-2002,
Relator term editor.
942 ## - ADDED ENTRY ELEMENTS (KOHA)
Source of classification or shelving scheme Dewey Decimal Classification
Koha item type Book - Borrowing
998 ## - LOCAL CONTROL INFORMATION (RLIN)
Operator\'s initials, OID (RLIN) 4/18/2000
Cataloger\'s initials, CIN (RLIN) 4/18/2000
Holdings
Withdrawn status Lost status Source of classification or shelving scheme Damaged status Not for loan Collection code Home library Current library Shelving location Date acquired Source of acquisition Total Checkouts Full call number Barcode Date last seen Koha item type
    Dewey Decimal Classification     Donation-Gift Central Library Central Library Second Floor 23/05/2019 Donation   769.952074 FAU 000047856 14/11/2023 Book - Borrowing